Las actitudes de los jóvenes internados en la prisión de Córdoba ante los procesos de reeducación (Record no. 174183)

MARC details
000 -CABECERA
campo de control de longitud fija 02022nab a2200289 a 4500
005 - FECHA Y HORA DE LA ÚLTIMA TRANSACCIÓN
campo de control 20210219162322.0
008 - ELEMENTOS DE LONGITUD FIJA--INFORMACIÓN GENERAL
campo de control de longitud fija 991125s1985 mx 000 0 spa u
035 ## - NÚMERO DE CONTROL DEL SISTEMA
Número de control de sistema UPN01000202082
049 ## - COLECCIÓN
Colección ART
100 1# - ASIENTO PRINCIPAL--NOMBRE PERSONAL
Nombre de persona Luque Jiménez, María Milagrosa
100 1# - ASIENTO PRINCIPAL--NOMBRE PERSONAL
Filiación lamiluji@hotmail.com
100 1# - ASIENTO PRINCIPAL--NOMBRE PERSONAL
Nombre de persona Ruiz Olivares, María del Rosario
100 1# - ASIENTO PRINCIPAL--NOMBRE PERSONAL
Filiación M92rorum@uco.es
222 #0 - TÍTULO CLAVE
Título clave EDUCATIO SIGLO XXI : REVISTA DE LA FACULTAD DE EDUCACION
245 04 - MENCIÓN DE TÍTULO
Título Las actitudes de los jóvenes internados en la prisión de Córdoba ante los procesos de reeducación
260 ## - PUBLICACIÓN, DISTRIBUCIÓN, ETC.
Lugar de publicación, distribución, etc. Murcia, España
300 ## - DESCRIPCIÓN FÍSICA
Extensión 325-344
362 0# - FECHAS DE PUBLICACIÓN Y/O DESIGNACIÓN SECUENCIAL
Fecha de publicación y/o designación secuencial 2014 Volumen 32, número 2, julio
520 ## - NOTA DE RESUMEN, ETC.
Sumario, etc. La educación y la integración social son derechos de todas las personas, incluso de las que están en prisión, por lo que las instituciones penitenciarias deben esforzarse por realizar una labor reeducadora y de reinserción. La actitud que mantengan estas personas hacia la reeducación puede ser importante en la implicación hacia dicho proceso educativo. El objetivo de este trabajo de investigación es conocer las actitudes de los internos de la prisión de Córdoba (España), menores de veinticinco años, hacia la reeducación, e intentar indagar qué variables están asociadas a dichas actitudes. Este trabajo se ha realizado con un diseño de investigación descriptivo ex post facto transversal y con una muestra de 50 internos menores de veinticinco años de la prisión de Córdoba (España). A partir de los resultados parece que más de la mitad de los internos tienen una actitud positiva hacia la función reeducadora del centro penitenciario. A modo de conclusión, una actitud alta hacia la reeducación beneficia no sólo la reeducación del interno, sino también su reinserción social
653 0# - TERMINO DE INDIZACION - NO CONTROLADO
Término no controlado READAPTACION SOCIAL
653 0# - TERMINO DE INDIZACION - NO CONTROLADO
Término no controlado JOVENES
653 0# - TERMINO DE INDIZACION - NO CONTROLADO
Término no controlado INTERNOS
653 0# - TERMINO DE INDIZACION - NO CONTROLADO
Término no controlado RECLUSORIOS
653 0# - TERMINO DE INDIZACION - NO CONTROLADO
Término no controlado CORDOBA, ESPAÑA
856 4# - LOCALIZACIÓN Y ACCESO ELECTRÓNICOS
Identificador Uniforme del Recurso <a href="http://revistas.um.es/educatio/article/view/202281">http://revistas.um.es/educatio/article/view/202281</a>
905 ## - TIPO DE MATERIAL
Tipo de material Articulo

No items available.